| 000 | 01232nam0a22003011 4500 | ||
|---|---|---|---|
| 001 | rc\2148683 | ||
| 005 | 20260407112158.0 | ||
| 035 | _a(NLR Aleph) 006528593 | ||
| 090 |
_a6508613 _c6508613 |
||
| 100 | _a20110826d1979 |||y0rusy50 ca | ||
| 101 | 0 | _arus | |
| 102 | _aRU | ||
| 105 | _ay z ||||| | ||
| 200 | 1 |
_aСборник нормативных документов по вопросам охраны труда в учреждениях народного образования _fМ-во просвещения ЛитССР _g[Сост. А. Пашкявичюс, А. Раманаускас] |
|
| 210 |
_aКаунас _cШвиеса _d1979 |
||
| 215 |
_a416 с. _d22 |
||
| 606 |
_aНародное образование, учреждения _xОхрана труда _2psbo |
||
| 686 |
_aЧ30н6я45 _2rubbk |
||
| 702 | 1 |
_aРаманаускас _bА. _4220 |
|
| 702 | 1 |
_aПашкявичюс _bА. _gАльгимантас _4220 |
|
| 712 | 0 | 1 |
_aЛитССР _bМинистерство просвещения _3RU\NLR\AUTH\8810064191 _9629971 |
| 801 | 0 |
_aRU _bNLR _gpsbo |
|
| 801 | 1 |
_aRU _bELAR _2rusmarc |
|
| 852 |
_aNLR _j79-5/4187 |
||
| 899 |
_aRuMoRGB _jM 79-3/390 |
||
| 899 |
_aRuMoRGB _jM 79-3/391 |
||
| 942 | _cBOOK | ||
| 980 | _aNB | ||